000 00736nam a2200229Ii 4500
003 JO-AjNU
008 230605s9999||||xx |||||||||||||| ||und||
017 _a1997/9/1420
020 _a978-9957-11-830-3
040 _aJO-AjNU
_bara
_erda
_cJO-AjNU
041 _aara
050 1 4 _aHA29.5.A7.R3579.2010
100 3 _aرمضان،زياد سليم,
_eauthor
_931470
245 0 0 _aمبادىء الاحصاء الوصفي والتطبيقي والحيوي
250 _aط6
264 3 1 _aعمان:دار وائل للنشر والتوزيع،2010
300 _a349ص
336 _atext
_btxt
_2rdacontent
337 _aunmediated
_bn
_2rdamedia
338 _avolume
_bnc
_2rdacarrier
650 4 _aالاحصاء الوصفي
_931471
999 _aA12591
_c16159
_d16159